Low-Shrinkage Ceramic Based on Fine-Grained Dolerite Wastes from Crushed-Stone Production; Glass and Ceramics; Vol. 76, iss. 11-12
| Parent link: | Glass and Ceramics Vol. 76, iss. 11-12.— 2020.— [P. 415-418] |
|---|---|
| Hovedforfatter: | |
| Institution som forfatter: | |
| Andre forfattere: | , |
| Summary: | Title screen The results of the possibility of using dolerite fine-grained waste from crushed-stone production in ceramic batch for the manufacture of low-shrinkage articles are presented. It was discovered that during solid-phase sintering the wastes decrease the fire shrinkage for raw material in all forms. During sintering, in the presence of the liquid phase, the wastes play a reinforcing role in the formation of the structure of the ceramic material and impart high physicomechanical properties to the articles. Режим доступа: по договору с организацией-держателем ресурса |
| Sprog: | engelsk |
| Udgivet: |
2020
|
| Fag: | |
| Online adgang: | https://doi.org/10.1007/s10717-020-00213-8 |
| Format: | MixedMaterials Electronisk Book Chapter |
| KOHA link: | https://koha.lib.tpu.ru/cgi-bin/koha/opac-detail.pl?biblionumber=663999 |
MARC
| LEADER | 00000naa0a2200000 4500 | ||
|---|---|---|---|
| 001 | 663999 | ||
| 005 | 20250425162118.0 | ||
| 035 | |a (RuTPU)RU\TPU\network\35169 | ||
| 035 | |a RU\TPU\network\35167 | ||
| 090 | |a 663999 | ||
| 100 | |a 20210323d2020 k||y0rusy50 ba | ||
| 101 | 0 | |a eng | |
| 102 | |a US | ||
| 135 | |a drcn ---uucaa | ||
| 181 | 0 | |a i | |
| 182 | 0 | |a b | |
| 200 | 1 | |a Low-Shrinkage Ceramic Based on Fine-Grained Dolerite Wastes from Crushed-Stone Production |f A. E. Buruchenko, V. I. Vereshchagin (Vereschagin, Vereshagin), V. K. Menshikova | |
| 203 | |a Text |c electronic | ||
| 300 | |a Title screen | ||
| 320 | |a [References: 9 tit.] | ||
| 330 | |a The results of the possibility of using dolerite fine-grained waste from crushed-stone production in ceramic batch for the manufacture of low-shrinkage articles are presented. It was discovered that during solid-phase sintering the wastes decrease the fire shrinkage for raw material in all forms. During sintering, in the presence of the liquid phase, the wastes play a reinforcing role in the formation of the structure of the ceramic material and impart high physicomechanical properties to the articles. | ||
| 333 | |a Режим доступа: по договору с организацией-держателем ресурса | ||
| 461 | |t Glass and Ceramics | ||
| 463 | |t Vol. 76, iss. 11-12 |v [P. 415-418] |d 2020 | ||
| 610 | 1 | |a электронный ресурс | |
| 610 | 1 | |a труды учёных ТПУ | |
| 610 | 1 | |a dolerite wastes | |
| 610 | 1 | |a clays | |
| 610 | 1 | |a firing | |
| 610 | 1 | |a sinterability of ceramic | |
| 610 | 1 | |a wall materials | |
| 610 | 1 | |a долериты | |
| 610 | 1 | |a глины | |
| 610 | 1 | |a спекаемость | |
| 610 | 1 | |a керамика | |
| 610 | 1 | |a стеновые материалы | |
| 700 | 1 | |a Buruchenko |b A. E. |g Aleksandr Egorovich | |
| 701 | 1 | |a Vereshchagin (Vereschagin, Vereshagin) |b V. I. |c Chemical Engineer |c Professor of Tomsk Polytechnic University, Doctor of technical sciences |f 1942- |g Vladimir Ivanovich |3 (RuTPU)RU\TPU\pers\26325 |9 12080 | |
| 701 | 1 | |a Menshikova |b V. K. |g Viktoriya Karlovna | |
| 712 | 0 | 2 | |a Национальный исследовательский Томский политехнический университет |b Инженерная школа новых производственных технологий |b Научно-образовательный центр Н. М. Кижнера |3 (RuTPU)RU\TPU\col\23556 |
| 801 | 0 | |a RU |b 63413507 |c 20210323 |g RCR | |
| 850 | |a 63413507 | ||
| 856 | 4 | |u https://doi.org/10.1007/s10717-020-00213-8 | |
| 942 | |c CF | ||